Normal view MARC view

Entry Topical Term

Number of records used in: 1

001 - CONTROL NUMBER

  • control field: 55041

003 - CONTROL NUMBER IDENTIFIER

  • control field: OSt

005 - DATE AND TIME OF LATEST TRANSACTION

  • control field: 20241011132548.0

008 - FIXED-LENGTH DATA ELEMENTS

  • fixed length control field: 241011|| aca||aabn | a|a d

040 ## - CATALOGING SOURCE

  • Original cataloging agency: OSt
  • Transcribing agency: OSt

150 ## - HEADING--TOPICAL TERM

  • Topical term or geographic name entry element: ပြည်ရွှေဆံတော်ဘုရား
  • Form subdivision: သမိုင်း

670 ## - SOURCE DATA FOUND

  • Source citation: Work cat.: (OSt)40974: မေဓာ၊ ဦး၊ ဆရာကြီး။ 55040, ပြည်ရွှေဆံတော်သမိုင်း = History of the Shwe-San -Daw Pagoda at Prome /, ၁၉၆၆။

Library - 09407999929
Admin Office - 09407999979
Dean Office - 09250910768
Registrar Office - 09892297154
Email - [email protected]
Shan State Buddhist University, Phaya Phyu Taunggyi, Shan State, Myanmar.